header

Water-efficient landscaping in the Intermountain West (Record no. 129840)

MARC details
000 -LEADER
fixed length control field 02118nam a2200373 a 4500
082 04 - DEWEY DECIMAL CLASSIFICATION NUMBER
Classification number 635.9/5250979
245 00 - TITLE STATEMENT
Title Water-efficient landscaping in the Intermountain West
260 ## - PUBLICATION, DISTRIBUTION, ETC. (IMPRINT)
Place of publication Logan, Utah :
Name of publisher Utah State University Press,
Year of publication c2011.
300 ## - PHYSICAL DESCRIPTION
Number of Pages x, 116 p. :
Other physical details col. ill., maps (some col.)
505 0# - FORMATTED CONTENTS NOTE
Formatted contents note Planning and design / Anne Spranger and William A. Varga -- Soil preparation / Grant E. Cardon, Ron Patterson, and Rick Heflebower -- Appropriate plant selection / Amy Croft and Heidi A. Kratsch -- Practical turfgrass areas / Kelly Kopp and JayDee Gunnell -- Use of mulch / Heidi A. Kratsch and Margaret Shao -- Irrigation planning / Graham Hunter, Molly Waters, and Heidi A. Kratsch -- Landscape maintenance / Amy Croft, Larry A. Rupp, and Heidi A. Kratsch.
650 #0 - SUBJECT ADDED ENTRY--TOPICAL TERM
Topical Term Landscape architecture in water conservation
Topical Term Water efficiency
Topical Term Irrigation efficiency
Topical Term Drought-tolerant plants
Topical Term Xeriscaping
700 1# - ADDED ENTRY--PERSONAL NAME
Personal name Kratsch, Heidi A.
856 40 - ELECTRONIC LOCATION AND ACCESS
Uniform Resource Identifier http://site.ebrary.com/lib/rucke/Doc?id=10494003

No items available.

© 2026 Rongo University
Contact us: librarian | system librarian | Rongo university